| 000 | 00589cam a2200205 4500 | ||
|---|---|---|---|
| 001 | D6211 | ||
| 008 | 090401t1968 xxu||||| |||| 00| 0 eng d | ||
| 035 | _a(Sirsi) u90957 | ||
| 041 | _aeng | ||
| 050 | _a692.8 | ||
| 110 |
_aJoint Contracts Tribunal _93664 |
||
| 245 | _aRIBA 1963 Standard Form of Building Contract: Practice note 14, issued by the Joint Tribunal on the Standard Form of Building Contract | ||
| 260 |
_aLondon _bRIBA _c1968 |
||
| 300 | _a1p | ||
| 350 | _a0 | ||
| 490 |
_aJCT Practice Note _v14 |
||
| 520 | _aFiled at JCT 1968/2A | ||
| 942 | _n0 | ||
| 948 | _c04/03/1997 | ||
| 999 |
_c97592 _d97592 |
||